Tiempo Pa Olvidar - Abraham Mateo, Becky G - Estadísticas

Estadísticas generales
  • Esta prueba ha sido intentada 23 veces
    19 desde el último reinicio
  • La puntuación promedio es 71 de 302
Estadísticas de respuestas
Letra % Correcto
a
100%
besos
50%
de
50%
De
50%
El
50%
el
50%
en
50%
Eres
50%
la
50%
La
50%
lo
50%
Lo
50%
los
50%
Me
50%
me
50%
50%
no
50%
No
50%
olvidar
50%
olvido
50%
olvidó
50%
pa
50%
por
50%
Porque
50%
que
50%
qué
50%
Soy
50%
te
50%
Te
50%
Tiempo
50%
tiempo
50%
tu
50%
un
50%
una
50%
Y
50%
y
50%
acuesto
0%
adelante
0%
ahora
0%
Ahora
0%
algo
0%
ama
0%
amargo
0%
Aquí
0%
aquí
0%
basta
0%
beber
0%
cama
0%
Con
0%
con
0%
Copas
0%
Cualquiera
0%
Cuántas
0%
cuerpo
0%
cura
0%
Dame
0%
Decía
0%
dejaste
0%
desgasta
0%
desliz
0%
distancia
0%
drama
0%
Duele
0%
Eiffel
0%
enloquecer
0%
eras
0%
es
0%
eso
0%
este
0%
esto
0%
Esto
0%
estoy
0%
fuiste
0%
gente
0%
hacer
0%
hiciste
0%
hizo
0%
hombre
0%
Igual
0%
infeliz
0%
insomnio
0%
jodí
0%
llama
0%
llorar
0%
mal
0%
menos
0%
necesito
0%
nuevo
0%
olvidarte
0%
París
0%
pedestal
0%
pena
0%
perdí
0%
perdona
0%
pero
0%
Pero
0%
persona
0%
please
0%
Primero
0%
prioridad
0%
puedo
0%
quiero
0%
realmente
0%
recoger
0%
recuerdo
0%
reloj
0%
salgo
0%
se
0%
Se
0%
0%
sea
0%
seguirá
0%
segundo
0%
segura
0%
siendo
0%
sin
0%
solito
0%
solo
0%
Solo
0%
soportarlo
0%
superarlo
0%
tengo
0%
tenía
0%
tercero
0%
todo
0%
todos
0%
torre
0%
trago
0%
vale
0%
veces
0%
vi
0%
voy
0%
vuelvas
0%
vuelvo
0%
Ya
0%
yo
0%
No se encontraron pruebas coincidentes
Distribución de puntuación
Porcentaje de gente con cada puntuación
Porcentaje por número respondido
Historial de tus puntuaciones
No has intentado esta prueba desde el último reinicio